UM Logo

Accurate high-frequency modeling of the input admittance of PWM grid-connected VSCs / (Record no. 19830)

MARC details
000 -LEADER
fixed length control field 00960nam a22002177a 4500
003 - CONTROL NUMBER IDENTIFIER
control field OSt
005 - DATE AND TIME OF LATEST TRANSACTION
control field 20250917153330.0
008 - FIXED-LENGTH DATA ELEMENTS--GENERAL INFORMATION
fixed length control field 240325b ||||| |||| 00| 0 eng d
040 ## - CATALOGING SOURCE
Transcribing agency 0
082 ## - DEWEY DECIMAL CLASSIFICATION NUMBER
Classification number DPer 621.381 In821 September 2022 v. 37 n. 9
100 ## - MAIN ENTRY--PERSONAL NAME
Personal name Cvetanovic, Ruzica.
Relator term author.
9 (RLIN) 55284
245 ## - TITLE STATEMENT
Title Accurate high-frequency modeling of the input admittance of PWM grid-connected VSCs /
Statement of responsibility, etc. Ruzica Cvetanovic, Ivan Z. Petric, Paolo Mattaveli, and Simone Buso.
260 ## - PUBLICATION, DISTRIBUTION, ETC. (IMPRINT)
Place of publication, distribution, etc. New York ;
Name of publisher, distributor, etc. The Institute of Electrical and Electronics Engineers, Inc. ,
Date of publication, distribution, etc. September 2022.
300 ## - PHYSICAL DESCRIPTION
Extent Volume 37, pages 10534-10545 :
Other physical details illustration ;
Dimensions 28 cm.
500 ## - GENERAL NOTE
General note IEEE Transitions on Power Electronics, v. 37 n. 9, pages 10534-10545, September 2022.
700 ## - ADDED ENTRY--PERSONAL NAME
Personal name Cvetanovic, Ruzica.
Relator term author.
9 (RLIN) 55284
700 ## - ADDED ENTRY--PERSONAL NAME
Personal name Petric, Ivan Z.
Relator term author.
9 (RLIN) 55285
700 ## - ADDED ENTRY--PERSONAL NAME
Personal name Mattaveli, Paolo.
Relator term author.
9 (RLIN) 55286
700 ## - ADDED ENTRY--PERSONAL NAME
Personal name Buso, Simone.
Relator term author.
9 (RLIN) 55287
942 ## - ADDED ENTRY ELEMENTS (KOHA)
Source of classification or shelving scheme Dewey Decimal Classification
Koha item type Periodicals
Holdings
Withdrawn status Lost status Source of classification or shelving scheme Damaged status Not for loan Collection code Home library Current library Date acquired Total Checkouts Full call number Date last seen Price effective from Koha item type Public note
    Dewey Decimal Classification     Periodicals UM Digos College - LIC UM Digos College - LIC 03/25/2024   DPer 621.381 In821 September 2022 v. 37 n. 9 03/25/2024 03/25/2024 Periodicals Periodical Article